La calidad en la produccin̤ cientf̕ica en Derecho Experiencias y elementos de utilidad desde la perspectiva del Derecho Financiero y Tributario /

Detalles Bibliográficos
Autor principal: Lp̤ez Espadafor, Carlos Mara̕
Formato: eBook
Lenguaje:español
Publicado: Madrid: Dykinson, 2021
Materias:
Acceso en línea:Acceso restringido

MARC

LEADER 00000nam a22000007a 4500
005 20210803225225.0
007 cr|||| ||||
008 210803s2021 es |||||s|||| 00||0 spa d
020 |a 978-84-1377-287-5 
035 |a 33512 
040 |a vLex 
090 |c 11884  |d 11884 
100 1 |a Lp̤ez Espadafor, Carlos Mara̕ 
245 1 2 |a La calidad en la produccin̤ cientf̕ica en Derecho  |h [Recurso electrn̤ico] :  |b Experiencias y elementos de utilidad desde la perspectiva del Derecho Financiero y Tributario /  |c Carlos Mara̕ Lp̤ez Espadafor 
256 |a Servicio en ln̕ea 
260 |a Madrid:  |b Dykinson,  |c 2021 
300 |a 1 recurso electrn̤ico 
500 |a Conforme pasan los aǫs te planteas unas exigencias para una investigacin̤ ms̀ madura, para acreditarse a ct̀edra o para sexenios y que obviamente deben ser siempre orientaciones que tambiň pueden aportar necesariamente una gua̕ positiva para acreditaciones de otros tipos de categora̕s anteriores de profesorado. Donde ms̀ se ha debatido sobre los criterios de calidad es en materia de sexenios, porque son para todo el profesorado, incluso el acreditado en distintas categora̕s de profesorado y en esos criterios y prc̀ticas nos vamos a basar esencialmente. 
506 1 |a Disponible solo en los productos indicados  |d vLex Global  |d vLex Global (Academic Edition, excluding Law Schools)  |d vLex Global (U.S. Academic Edition, Law Schools)  |d vLex Global (U.S. Academic Edition, excluding Law Schools)  |d vLex Global (Academic Edition, Law Schools) 
650 0 4 |a Derecho Tributario  |z Espaą 
650 0 4 |a Financiero  |z Espaą 
740 0 |a vLex Libros (Servicio en ln̕ea) 
856 4 0 |u https://app.vlex.com/#/sources/33512  |z Acceso restringido 
942 |c BOOK 
999 0 |a Tax Law 
999 0 |a Financial